000 00661nam a2200229Ia 4500
003 OSt
005 20220927105655.0
006 a|||||r|||| 00| 0
007 ta
008 220926b |||||||| |||| 00| 0 eng d
024 _a201566
037 _cReference Collections
040 _aRTL
_cRTL
_beng
041 _2eng
_aeng
082 _a"X9(J)f2.N58, J8;3/RR"
245 0 _aIndian Agricultural Atlas
260 _aDelhi
_bEconomic and statistical adviser Ministry of Food &
_c1958
300 _a"vi, 60p."
_ccm.
500 _aBibliography chapterwise
942 _h"X9(J)f2.N58, J8;3/RR"
_cCC
999 _c693874
_d693874